| 000 | 00629nam a2200217Ia 4500 | ||
|---|---|---|---|
| 005 | 20241129110012.0 | ||
| 008 | 241129s9999||||xx |||||||||||||| ||und|| | ||
| 020 | _a978-1-7869-9901-6 | ||
| 037 | _aTB | ||
| 040 |
_aARTS _beng _cARTS |
||
| 041 |
_aeng _2eng |
||
| 084 |
_aV6,33 R4 _qARTS |
||
| 100 |
_aMarr Stephen Au.; Mususa Patience Au. _9726810 |
||
| 245 | 0 |
_aDiy urbanism in Africa: politics and practice _cMarr Stephen Au.; Mususa Patience Au. |
|
| 260 |
_aUK _bZed _c2023 |
||
| 300 | _axii,235p. | ||
| 365 |
_aUKP _b21.99 |
||
| 650 | _aHistory- Africa | ||
| 942 |
_cTB _hV6,33 R4 |
||
| 999 |
_c1226944 _d1226944 |
||